00784nac a22002297a 4500001001000000003000900010005001700019008003400036040005400070072000800124100001800132110006800150245011700218260003500335300000900370490008600379650002200465650001300487650001300500650002200513650001900535BR9802851BR-BrBNA20240105122027.0230509b bl.|||m| |||| 00| 0 por d aBR-BrBNAbporcBiblioteca Nacional de Agricultura aF701 aMarques, P.C.1 aEmpresa Capixaba de Pesquisa Agropecuaria, Vitoria, ES (Brasil)1 aEspecimes arboreos identificados na Area de Preservacao Ambiental Bananal do Norte - Cachoeiro de Itapemirim, ES3 aVitoria, ES (Brasil): c1994.  a3 p. aComunicado Tecnico - Empresa Capixaba de Pesquisa Agropecuaria (Brazil)vno. 74x aTaxonomia Vegetal aFloresta aHerbario aReserva Florestal aEspirito Santo